Complete the film title (Whoopi Goldberg) - Statistics

General Stats
  • This quiz has been taken 39 times
  • The average score is 12 of 16
Answer Stats
Film Title % Correct
The Lion {King} (voice only)
100%
Alice in {Wonderland}
97%
Sister {Act}
97%
Teenage Mutant Ninja {Turtles}
97%
The Color {Purple}
97%
Jumpin' Jack {Flash}
90%
Girl, {Interrupted}
87%
How Stella Got Her Groove {Back}
83%
Corrina, {Corrina}
77%
Sister Act 2: Back in the {Habit}
77%
The Adventures of Rocky and {Bullwinkle}
67%
Made in {America}
63%
A Christmas {Carol} (voice only)
57%
National Lampoon's Loaded Weapon {1}
57%
The Deep End of the {Ocean}
57%
Moonlight and {Valentino}
10%
No matching quizzes found
Score Distribution
Percent of People with Each Score
Percentile by Number Answered
Your Score History
You have not taken this quiz